00550cas1a220016900 4500001001200000008004100012022001400053035001900067035001900086245002700105260004300132310001900175362004800194520011400242650001800356004000600374zam00005815951212n xx eng u a0008-1221 a(Sirsi) r22990 a(MACHINE)0083300aCalifornia law review. aBerkerly :bUniversity of Carlifornia. a6 Times a Year aVol. 46, No. 1, 1958 - Vol. 81, No. 1, 1993 aThis is a journal that publishes articles that review cases and scenarios in the legal practice in Californai aLaw.6S3984.122990